00317nam a2200109Ia 4500008004100000082000800041100001400049245002400063942000600087952009900093999001500192240331s9999 xx 000 0 und d bBEG aBegam,S.J 0aKadhala? Kadamaiya? cL 001040708LaWERCLbWERCLcSSCd2024-03-31l0o 894.811 BEGp4975r2024-03-31w2024-03-31yL c3740d3740